Privatizace - ojedinělá šance pro podnikatele.

Potreba zavedenia privatizačného úveru ako základnej zložky privatizačnej politiky. Makroekonomická neutralita privatizačného úveru. Pozitívny dopad privatizačného úveru na aukcie a na podporu podnikania - vznik silných a plne zodpovedných akcionárov.

Salvato in:
Dettagli Bibliografici
Autore principale: Turek, Otakar
Natura: Capitolo di libro
Lingua:ceco
Soggetti:
Tags: Aggiungi Tag
Nessun Tag, puoi essere il primo ad aggiungerne!!

MARC

LEADER 00000naa a2200000 4500
001 r004580
005 20221125081227.1
041 0 |a cze 
044 |a [CS] 
245 1 0 |a Privatizace - ojedinělá šance pro podnikatele.  |c O. Turek 
520 |a Potreba zavedenia privatizačného úveru ako základnej zložky privatizačnej politiky. Makroekonomická neutralita privatizačného úveru. Pozitívny dopad privatizačného úveru na aukcie a na podporu podnikania - vznik silných a plne zodpovedných akcionárov. 
610 2 0 |a privatizácia 
610 2 0 |a úver 
610 2 0 |a podnikanie 
610 2 0 |a makroekonomika 
610 2 0 |a aukcie 
100 1 |a Turek, Otakar